书目信息 |
| 题名: |
刮痧偏方
|
|
| 作者: | 尹桂平 主编 | |
| 分册: | ||
| 出版信息: | 沈阳 辽宁科学技术出版社 2005.11 |
|
| 页数: | 229页 | |
| 开本: | 19cm | |
| 丛书名: | 百病偏方集成丛书 | |
| 单 册: | ||
| 中图分类: | R244.4 | |
| 科图分类: | ||
| 主题词: | 刮搓疗法--gua cuo liao fa | |
| 电子资源: | ||
| ISBN: | 7-5381-4424-2 | |
| 000 | 00782nam2 2200241 450 | |
| 001 | 0100000139 | |
| 005 | 20060622090119.75 | |
| 010 | @a7-5381-4424-2@dCNY12.00 | |
| 100 | @a20060612d2005 ekmy0chiy0120 ea | |
| 101 | 0 | @achi |
| 102 | @aCN@b210000 | |
| 105 | @aa z 000yy | |
| 200 | 1 | @a刮痧偏方@Agua sha pian fang@f尹桂平主编 |
| 210 | @a沈阳@c辽宁科学技术出版社@d2005.11 | |
| 215 | @a229页@c图@d19cm | |
| 225 | 2 | @a百病偏方集成丛书@Abai bing pian fang ji cheng cong shu |
| 330 | @a本书介绍了刮痧的神奇疗效,刮痧与经络腧穴的关系,特殊的刮痧方法以及刮痧治疗常见病偏方。 | |
| 461 | 0 | @12001 @a百病偏方集成丛书 |
| 606 | 0 | @a刮搓疗法@Agua cuo liao fa |
| 690 | @aR244.4@v4 | |
| 701 | 0 | @a尹桂平@Ayin gui ping@4主编 |
| 801 | 0 | @aCN@bYXSD@c20060622 |
| 905 | @aBZT@dR244.4@e1@f10 | |
| 刮痧偏方/尹桂平主编.-沈阳:辽宁科学技术出版社,2005.11 |
| 229页:图;19cm.-(百病偏方集成丛书) |
| ISBN 7-5381-4424-2:CNY12.00 |
| 本书介绍了刮痧的神奇疗效,刮痧与经络腧穴的关系,特殊的刮痧方法以及刮痧治疗常见病偏方。 |
| ● |
| 相关链接 |
|
|
|
正题名:刮痧偏方
索取号:R244.4/1
 
预约/预借
| 序号 | 登录号 | 条形码 | 馆藏地/架位号 | 状态 | 备注 |
| 1 | 0448393 | 230005813 | 样本书库/样005架B面2层2列/ [索取号:R244.4/1] | 在馆 | |
| 2 | 0448394 | 230005812 | 中心书库中库/ 中库003架A面6列1层7/ [索取号:R244.4/1] | 在馆 | |
| 3 | 0448395 | 230005811 | 中心书库中库/ 中库003架A面6列1层5/ [索取号:R244.4/1] | 在馆 | |
| 4 | 0448396 | 230005810 | 中心书库中库/ 中库003架A面6列1层2/ [索取号:R244.4/1] | 在馆 | |
| 5 | 0448397 | 230005809 | 中心书库中库/ 中库003架A面6列1层3/ [索取号:R244.4/1] | 在馆 | |
| 6 | 0448398 | 230005808 | 中心书库中库/ 中库003架A面6列1层6/ [索取号:R244.4/1] | 在馆 | |
| 7 | 0448399 | 230005807 | 中心书库中库/ 中库003架A面6列1层9/ [索取号:R244.4/1] | 在馆 | |
| 8 | 0448400 | 230005806 | 中心书库中库/ 中库003架A面6列1层1/ [索取号:R244.4/1] | 在馆 | |
| 9 | 0448401 | 230005805 | 中心书库中库/ 中库003架A面6列1层8/ [索取号:R244.4/1] | 在馆 | |
| 10 | 0448402 | 230005804 | 中心书库中库/ 中库003架A面6列1层4/ [索取号:R244.4/1] | 在馆 |